| 000 -LEADER |
| fixed length control field |
00657cam a2200217 a 4500 |
| 020 ## - INTERNATIONAL STANDARD BOOK NUMBER |
| ISBN |
0834801086 : |
| 040 ## - CATALOGING SOURCE |
| Transcribing agency |
DLC |
| 041 1# - LANGUAGE CODE |
| Language code of original and/or intermediate translations of text |
jpn |
| 082 00 - DEWEY DECIMAL CLASSIFICATION NUMBER |
| Classification number |
745 WEA 1975 A087 Or. |
| 100 1# - MAIN ENTRY--AUTHOR NAME |
| Personal name |
Oka, Hideyuki, |
| 245 10 - TITLE STATEMENT |
| Title |
How to wrap five more eggs : |
| Remainder of title |
traditional Japanese packaging / |
| 250 ## - EDITION STATEMENT |
| Edition statement |
1st ed. |
| 260 ## - PUBLICATION, DISTRIBUTION, ETC. (IMPRINT) |
| Place of publication |
New York : |
| Name of publisher |
Weatherhill, |
| Year of publication |
1975. |
| 300 ## - PHYSICAL DESCRIPTION |
| Number of Pages |
215 p. : |
| Other physical details |
chiefly ill. ; |
| Dimensions |
27 cm. |
| 500 ## - GENERAL NOTE |
| General note |
Translation of Kokoro no zokei. |
| 500 ## - GENERAL NOTE |
| General note |
Issued in conjunction with an exhibition held at the Japan House Gallery, New York, 1975-76. |
| 650 #0 - SUBJECT ADDED ENTRY--TOPICAL TERM |
| Topical Term |
Food |
| 650 #0 - SUBJECT ADDED ENTRY--TOPICAL TERM |
| Topical Term |
Packaging. |
| 650 #0 - SUBJECT ADDED ENTRY--TOPICAL TERM |
| Topical Term |
Decoration and ornament |
| 942 ## - ADDED ENTRY ELEMENTS (KOHA) |
| Koha item type |
សៀវភៅភាសាអង់គ្លេស |
| 952 ## - LOCATION AND ITEM INFORMATION (KOHA) |
| Withdrawn status [LOCAL, KOHA] |
0 |